• 首页
  • 本馆介绍
  • 公告通知
  • 最新文献
  • 馆藏检索
  • 电子资源
  • 读者导购
  • 参考咨询
  • 我的图书馆
  • 登录
  • 详细信息显示
  • 放入我的书架
  • 预约/预借图书
  • 作者相关作品
  • 分类相关作品
  • 丛书相关作品
  • 出版社相关作品

书目信息

  • 表格格式
  • 工作单格式
  • 卡片格式
题名:
甘凤池易筋经阐秘
    
 
作者: 邓方华 编著
分册:  
出版信息: 北京   北京体育大学出版社  2010
页数: 186页
开本: 21cm
丛书名:
单 册:
中图分类: G852.6
科图分类:
主题词: 易筋经(古代体育)--基本知识 , 易筋经(古代体育)
电子资源:
ISBN: 978-7-5644-0521-2
000 00839nam0 2200241 45
001 1132083827
005 20110314091252.95
010    @a978-7-5644-0521-2@dCNY15.00
100    @a20110121d2010 em y0chiy50 ea
101 0  @achi
102    @aCN@b110000
105    @aa z 000yy
106    @ar
200 1  @a甘凤池易筋经阐秘@AGan Feng Chi Yi Jin Jing Chan Mi@f邓方华编著@FDeng Fang Hua Bian Zhu
210    @a北京@c北京体育大学出版社@d2010
215    @a186页@c图@d21cm
330    @a本书分为甘凤池易筋经之大功篇和甘凤池易筋经之增演篇两部分。内容包括:易筋经本论、内状论、揉法、日月精华、行功浅深法、练臂劲功、阴功等。
606 0  @a易筋经(古代体育)@x基本知识
606 0  @a易筋经(古代体育)
690    @aG852.6@v4
701  0 @a邓方华@ADeng Fang Hua@c(体育)@4编著
801  0 @aCN@bTANGWEI@c20110314
905    @b0532434-36@dG852.6@e266@f3
    
    甘凤池易筋经阐秘/邓方华编著.-北京:北京体育大学出版社,2010
    186页:图;21cm
    
    
    ISBN 978-7-5644-0521-2:CNY15.00
    本书分为甘凤池易筋经之大功篇和甘凤池易筋经之增演篇两部分。内容包括:易筋经本论、内状论、揉法、日月精华、行功浅深法、练臂劲功、阴功等。
●
相关链接 在E读中查询图书 在五车中查询图书 在当当中查询图书 在豆瓣中查询图书


正题名:甘凤池易筋经阐秘     索取号:G852.6/266         预约/预借

序号 登录号 条形码 馆藏地/架位号 状态 备注
1 0532434   205324344   第一样本阅览室/ [索取号:G852.6/266] 在馆    
2 0532435   205324353   密集书库-体育系/ [索取号:G852.6/266] 在馆    
3 0532436   205324362   第四借阅区/ [索取号:G852.6/266] 在馆    
唐山师范学院图书馆 欢迎您!
大连网信软件有限公司© 版权所有